Orang Cina

Bibliographic Details
Main Author: Siti Razmah Hj.Idris
Format: Book
Published: Petaling Jaya : Penerbit Pinang , 1996
Series:Siri Budaya Masyarakat Malaysia
Subjects:

MARC

LEADER 00000cam a2200000 7i4500
001 0000008782
002 000009576
005 20011128.0
020 |a 9830550753 
090 0 0 |a 390.0959   |b SIT 
100 0 |a Siti Razmah Hj.Idris 
245 1 0 |a Orang Cina   |c Siti Razmah Hj. Idris 
260 |a Petaling Jaya :   |b Penerbit Pinang ,   |c 1996 
300 |a 36 p. :   |b ill. ;   |c 27 cm. 
490 0 |a Siri Budaya Masyarakat Malaysia 
650 0 0 |a Chinese (Asian people)   |z Malaysia   |x Social life and custom 
999 |a 045575   |b BUKU   |c JUNIOR BOOKS   |e PERPUSTAKAAN KOMUNITI CAW KOTA DAMANSARA 
999 |a 050348   |b BUKU   |c PINJAMAN   |e PERPUSTAKAAN KOMUNITI PETALING JAYA 
999 |a 050350   |b BUKU   |c PINJAMAN   |e PERPUSTAKAAN KOMUNITI PETALING JAYA